000 00315nam a22001337a 4500
008 170915b xxu||||| |||| 00| 0 eng d
020 _a9780813120515
041 _aeng
080 _a7
100 _a44
101 _aART
245 _aTHE GENNESES VALEY A PHOTOGRAPHIC POTRAIT
_cKOLLAR.R
942 _2udc
_cBK
999 _c27821
_d27821